[Event "Region Guajira qual 21th Rapid"]
[Site "Riohacha"]
[Date "2019.10.06"]
[Round "1.1"]
[White "Valdeblanquez, Jeiner Jair"]
[Black "Rosado Uriana, Rafael de Jesus"]
[Result "1-0"]
[WhiteElo "1957"]
[BlackElo "1592"]
[PlyCount "59"]
[EventDate "2019.10.06"]
[EventType "tourn (rapid)"]
[EventRounds "5"]
[EventCountry "COL"]
[SourceTitle "EXT 2024"]
[Source "ChessBase"]
[SourceDate "2023.10.10"]
[SourceVersion "1"]
[SourceVersionDate "2023.10.10"]
[SourceQuality "1"]

1. d4 Nf6 2. Nc3 d5 3. Bg5 e6 4. e4 dxe4 5. Nxe4 Be7 6. Bxf6 Bxf6 7. Nf3 Nc6 8. c3 Bd7 9. Bd3 Qe7 10. Qe2 0-0 11. 0-0-0 a6 12. h4 b5 13. Nfg5 g6 14. Nxf6+ Qxf6 15. Ne4 Qf4+ 16. Kb1 f5 17. g3 Qg4 18. f3 Qh5 19. Nc5 Kh8 20. Nxd7 Rad8 21. Nxf8 Rxf8 22. g4 fxg4 23. fxg4 Qd5 24. Be4 Qd6 25. Bxc6 Qxc6 26. Rhf1 Re8 27. Rf7 Kg8 28. Rdf1 Qd6 29. Qf3 c6 30. Qf6 1-0

[Event "COL-ch"]
[Site "Quibdo"]
[Date "2015.11.12"]
[Round "5"]
[White "Valdeblanquez, Jeiner Jair"]
[Black "Otalora Pacheco, Carlos Eduardo"]
[Result "1/2-1/2"]
[WhiteElo "1937"]
[BlackElo "2089"]
[PlyCount "42"]
[EventDate "2015.11.10"]
[EventType "swiss"]
[EventRounds "9"]
[EventCountry "COL"]
[SourceTitle "CBM 169 Extra"]
[Source "ChessBase"]
[SourceDate "2015.12.18"]
[SourceVersion "1"]
[SourceVersionDate "2015.12.18"]
[SourceQuality "1"]

1. d4 d5 2. Nf3 Nf6 3. c4 e6 4. Nc3 c5 5. cxd5 Nxd5 6. e3 cxd4 7. exd4 Be7 8. Bd3 Nd7 9. 0-0 0-0 10. Re1 N7f6 11. Ne5 a6 12. Bg5 Re8 13. Qf3 Ra7 14. Rad1 Qa5 15. Bb1 Rd8 16. Nxd5 Qxd5 17. Be4 Qb5 18. Bxf6 Bxf6 19. Bxh7+ Kf8 20. Qa3+ Be7 21. Qf3 Bf6 1/2-1/2

[Event "COL-ch rapid"]
[Site "Quibdo"]
[Date "2015.11.09"]
[Round "1"]
[White "Tovio, Israel"]
[Black "Valdeblanquez, Jeiner Jair"]
[Result "1-0"]
[WhiteElo "2335"]
[BlackElo "2049"]
[PlyCount "75"]
[EventDate "2015.11.09"]
[EventType "swiss (rapid)"]
[EventRounds "9"]
[EventCountry "COL"]
[SourceTitle "CBM 169 Extra"]
[Source "ChessBase"]
[SourceDate "2015.12.18"]
[SourceVersion "1"]
[SourceVersionDate "2015.12.18"]
[SourceQuality "1"]

1. e4 c5 2. Nf3 Nc6 3. Bb5 Qb6 4. Bxc6 Qxc6 5. Nc3 Nf6 6. Qe2 d6 7. d4 Bg4 8. d5 Qc7 9. h3 Bxf3 10. Qxf3 g6 11. 0-0 Bg7 12. Re1 0-0 13. Qe2 Nd7 14. Bg5 Rae8 15. Rab1 a6 16. a4 h6 17. Bd2 Rb8 18. Kh1 c4 19. Na2 b5 20. Nb4 Ra8 21. Nc6 Ne5 22. Nxe5 dxe5 23. a5 Rab8 24. Bb4 Rfd8 25. Rbd1 Bf8 26. Qe3 Kg7 27. Qa3 Rd6 28. Bxd6 exd6 29. b4 cxb3 30. cxb3 b4 31. Qc1 Qxa5 32. Qc4 Qb6 33. Ra1 Qxf2 34. Rf1 Qb6 35. Rxa6 Qb7 36. Rc6 Qb5 37. Qxb5 Rxb5 38. Rc7 1-0

[Event "COL-ch blitz"]
[Site "Quibdo"]
[Date "2015.11.08"]
[Round "15"]
[White "Valdeblanquez, Jeiner Jair"]
[Black "Martinez Zuluaica, Julian"]
[Result "0-1"]
[WhiteElo "1930"]
[BlackElo "2276"]
[PlyCount "46"]
[EventDate "2015.11.08"]
[EventType "swiss (blitz)"]
[EventRounds "18"]
[EventCountry "COL"]
[SourceTitle "CBM 169 Extra"]
[Source "ChessBase"]
[SourceDate "2015.12.18"]
[SourceVersion "1"]
[SourceVersionDate "2015.12.18"]
[SourceQuality "1"]

1. d4 e5 2. dxe5 d6 3. exd6 Bxd6 4. Nf3 Nc6 5. g3 Bg4 6. Bg2 Qe7 7. 0-0 0-0-0 8. Nbd2 Nf6 9. c3 Rhe8 10. Re1 Bc5 11. e3 Ne5 12. Qa4 Nd3 13. Rf1 Nxf2 14. Nc4 Nd3 15. Nd4 Nd5 16. Qc2 Nxc1 17. Bxd5 Ne2+ 18. Nxe2 Bxe3+ 19. Nxe3 Qxe3+ 20. Rf2 Rxd5 21. Re1 Rd2 22. Qa4 Bxe2 23. Qxa7 Qxa7 0-1

[Event "San Andres Islas Caribe-ch"]
[Site "San Andres Islas"]
[Date "2015.05.06"]
[Round "3"]
[White "Martinez Arroyo, Luis Alberto"]
[Black "Valdeblanquez, Jeiner Jair"]
[Result "1-0"]
[WhiteElo "1871"]
[BlackElo "2014"]
[PlyCount "103"]
[EventDate "2015.05.05"]
[EventType "swiss"]
[EventRounds "6"]
[EventCountry "COL"]
[SourceTitle "CBM 166 Extra"]
[Source "ChessBase"]
[SourceDate "2015.06.18"]
[SourceVersion "1"]
[SourceVersionDate "2015.06.18"]
[SourceQuality "1"]

1. d4 Nf6 2. Nf3 c5 3. c3 cxd4 4. cxd4 g6 5. Bf4 d6 6. Nc3 Bg7 7. e3 0-0 8. Be2 Nc6 9. h3 a6 10. 0-0 b5 11. Rc1 Bb7 12. Bg5 Rc8 13. a3 Na5 14. Nd2 h6 15. Bh4 g5 16. Bg3 Qb6 17. h4 gxh4 18. Bxh4 e5 19. dxe5 dxe5 20. Bf3 Nc4 21. Bxb7 Qxb7 22. Bxf6 Bxf6 23. Nde4 Bg7 24. Qf3 Qc6 25. Nd5 Qe6 26. Nef6+ Kh8 27. Rc2 Rc6 28. b3 Na5 29. Rxc6 Nxc6 30. Rc1 Ne7 31. Nxe7 Qxe7 32. Rc6 Rd8 33. Rxa6 Bxf6 34. Qxf6+ Qxf6 35. Rxf6 Kg7 36. Rb6 Rd5 37. e4 Rc5 38. b4 Rc1+ 39. Kh2 Ra1 40. Rxb5 Rxa3 41. Rxe5 Kf6 42. Rf5+ Kg6 43. Rf3 Ra6 44. e5 Ra4 45. Rf6+ Kg7 46. Rb6 Ra3 47. b5 h5 48. Rb8 Kg6 49. b6 Rb3 50. b7 Kf5 51. e6 Kf6 52. exf7 1-0

[Event "Maicao op 3rd"]
[Site "Maicao"]
[Date "2014.05.03"]
[Round "5"]
[White "Valdeblanquez, Jeiner Jair"]
[Black "Acosta Polo, Edinson"]
[Result "1/2-1/2"]
[WhiteElo "2045"]
[BlackElo "1600"]
[PlyCount "41"]
[EventDate "2014.05.01"]
[EventType "swiss"]
[EventRounds "7"]
[EventCountry "COL"]
[SourceTitle "CBM 160 Extra"]
[Source "ChessBase"]
[SourceDate "2014.07.01"]
[SourceVersion "1"]
[SourceVersionDate "2014.07.01"]
[SourceQuality "1"]

1. Nf3 f5 2. c4 b6 3. g3 Bb7 4. Bg2 Nf6 5. d3 e6 6. Nc3 Be7 7. 0-0 0-0 8. Be3 Ng4 9. Bd2 d5 10. Nd4 Qd7 11. cxd5 exd5 12. Qb3 Kh8 13. e3 c5 14. Nde2 Nf6 15. Rfd1 Na6 16. Nf4 Nc7 17. a4 g5 18. Nh3 Ng4 19. e4 d4 20. Nd5 Nxd5 21. exd5 1/2-1/2

[Event "Maicao op 3rd"]
[Site "Maicao"]
[Date "2014.05.02"]
[Round "3"]
[White "Valdeblanquez, Jeiner Jair"]
[Black "Otero Martinez, Daniel"]
[Result "0-1"]
[WhiteElo "2045"]
[BlackElo "2161"]
[PlyCount "103"]
[EventDate "2014.05.01"]
[EventType "swiss"]
[EventRounds "7"]
[EventCountry "COL"]
[SourceTitle "CBM 160 Extra"]
[Source "ChessBase"]
[SourceDate "2014.07.01"]
[SourceVersion "1"]
[SourceVersionDate "2014.07.01"]
[SourceQuality "1"]

1. Nf3 c5 2. c4 Nf6 3. Nc3 Nc6 4. d4 cxd4 5. Nxd4 g6 6. e4 Bg7 7. Be3 0-0 8. Be2 d6 9. 0-0 Bd7 10. Rc1 Rc8 11. f3 a6 12. Qd2 Re8 13. Rfd1 Qa5 14. Nb3 Qd8 15. Na4 Nd4 16. Nxd4 Bxa4 17. b3 Bd7 18. Bf1 Qc7 19. Qf2 Qb8 20. a4 e6 21. Nc2 Bc6 22. Ba7 Qc7 23. Bb6 Qe7 24. e5 dxe5 25. Bc5 Qc7 26. Bd6 Qd8 27. Bxe5 Nd7 28. Bxg7 Kxg7 29. Nb4 Qc7 30. Rc2 Nf6 31. Rcd2 Bd7 32. Rd6 a5 33. Na2 Bc6 34. Nc3 e5 35. Qh4 Nd7 36. Nb5 Qb6+ 37. Qf2 Qxf2+ 38. Kxf2 Nc5 39. Rb1 Rcd8 40. Rxd8 Rxd8 41. Ke3 f5 42. Be2 f4+ 43. Kf2 e4 44. fxe4 Nxe4+ 45. Ke1 Re8 46. Rb2 Nc5 47. Kf2 Re3 48. Nd4 Bd7 49. Kf1 Kf6 50. Bd1 Rd3 51. Ne2 Rxd1+ 52. Kf2 0-1

[Event "COL-ch sf"]
[Site "Medellin"]
[Date "2014.??.??"]
[Round "11"]
[White "Valdeblanquez, Jeiner Jair"]
[Black "Garces Trujillo, Luis Javier"]
[Result "1-0"]
[WhiteElo "2107"]
[BlackElo "1979"]
[PlyCount "55"]
[EventDate "2014.04.15"]
[EventType "swiss"]
[EventRounds "11"]
[EventCountry "COL"]
[SourceTitle "CBM 160 Extra"]
[Source "ChessBase"]
[SourceDate "2014.07.01"]
[SourceVersion "1"]
[SourceVersionDate "2014.07.01"]
[SourceQuality "1"]

1. d4 Nf6 2. Nc3 d5 3. Bg5 Bf5 4. Bxf6 exf6 5. e4 dxe4 6. Qe2 Qd7 7. 0-0-0 Be7 8. Nxe4 0-0 9. Ng3 Bg6 10. h4 h6 11. Nf3 Nc6 12. h5 Bh7 13. a3 b5 14. d5 Na5 15. Qxb5 Qxb5 16. Bxb5 Rab8 17. Bd3 Bxd3 18. Rxd3 Nc4 19. Rb3 a5 20. Nf5 Bc5 21. Rh4 Nb6 22. N3d4 Kh7 23. Rc3 Bd6 24. Nxd6 cxd6 25. Nf5 Nxd5 26. Rd3 Rb5 27. c4 Rc5 28. Rxd5 1-0

[Event "COL-ch sf"]
[Site "Medellin"]
[Date "2014.??.??"]
[Round "5"]
[White "Valdeblanquez, Jeiner Jair"]
[Black "Perdomo, Jefferson"]
[Result "0-1"]
[WhiteElo "2107"]
[BlackElo "1913"]
[PlyCount "46"]
[EventDate "2014.04.15"]
[EventType "swiss"]
[EventRounds "11"]
[EventCountry "COL"]
[SourceTitle "CBM 160 Extra"]
[Source "ChessBase"]
[SourceDate "2014.07.01"]
[SourceVersion "1"]
[SourceVersionDate "2014.07.01"]
[SourceQuality "1"]

1. d4 Nf6 2. Nc3 d6 3. e4 g6 4. f3 Bg7 5. Be3 c6 6. Qd2 h5 7. a4 Qa5 8. Bc4 Nbd7 9. Bb3 b5 10. d5 b4 11. dxc6 bxc3 12. cxd7+ Nxd7 13. Qd5 cxb2+ 14. Qxa5 bxa1Q+ 15. Kf2 Bc3 16. Ne2 Bxa5 17. Rxa1 Bb6 18. Nd4 Ne5 19. h3 Ba6 20. a5 Bc5 21. Ba4+ Kf8 22. Rb1 Kg7 23. f4 Nc4 0-1

[Event "COL-ch"]
[Site "Ibague"]
[Date "2013.07.06"]
[Round "10"]
[White "Rico Amortegui, Oswaldo Jose"]
[Black "Valdeblanquez, Jeiner Jair"]
[Result "1/2-1/2"]
[WhiteElo "2022"]
[BlackElo "1765"]
[PlyCount "76"]
[EventDate "2013.07.01"]
[EventType "swiss"]
[EventRounds "11"]
[EventCountry "COL"]
[SourceTitle "EXT 2014"]
[Source "ChessBase"]
[SourceDate "2013.11.20"]
[SourceVersion "1"]
[SourceVersionDate "2013.11.20"]
[SourceQuality "1"]

1. e4 d5 2. exd5 Nf6 3. d4 Nxd5 4. c4 Nb6 5. Nc3 g6 6. Be3 Bg7 7. Rc1 Nc6 8. d5 Ne5 9. b3 c6 10. dxc6 Qxd1+ 11. Nxd1 Nxc6 12. Nf3 Bg4 13. Be2 0-0 14. 0-0 Rfd8 15. Nc3 Nd7 16. h3 Bxf3 17. Bxf3 Nde5 18. Bxc6 Nxc6 19. Ne2 Nd4 20. Nxd4 Bxd4 21. Bxd4 Rxd4 22. Rfd1 Rad8 23. Rxd4 Rxd4 24. Rc2 Rd1+ 25. Kh2 Kg7 26. c5 Kf6 27. c6 bxc6 28. Rxc6+ Rd6 29. Rc2 e5 30. f3 Ke6 31. Kg3 f5 32. Kf2 f4 33. Ke2 Kf5 34. Rc5 Ra6 35. Rc2 Rd6 36. b4 Ra6 37. Kd3 Rd6+ 38. Ke2 Ra6 1/2-1/2

[Event "COL-ch"]
[Site "Ibague"]
[Date "2013.07.03"]
[Round "4"]
[White "Martinez, Mauricio"]
[Black "Valdeblanquez, Jeiner Jair"]
[Result "1/2-1/2"]
[WhiteElo "2010"]
[BlackElo "1765"]
[PlyCount "61"]
[EventDate "2013.07.01"]
[EventType "swiss"]
[EventRounds "11"]
[EventCountry "COL"]
[SourceTitle "EXT 2014"]
[Source "ChessBase"]
[SourceDate "2013.11.20"]
[SourceVersion "1"]
[SourceVersionDate "2013.11.20"]
[SourceQuality "1"]

1. e4 d5 2. exd5 Nf6 3. Nc3 Nxd5 4. Nxd5 Qxd5 5. Qf3 c6 6. Qxd5 cxd5 7. d4 Nc6 8. Bb5 g6 9. Nf3 Bg7 10. h3 0-0 11. c3 a6 12. Bxc6 bxc6 13. 0-0 a5 14. Re1 e6 15. Bf4 Ba6 16. a4 Ra7 17. b4 axb4 18. cxb4 Rfa8 19. Bd6 Bf8 20. Bxf8 Kxf8 21. Rec1 Bb5 22. a5 Ke7 23. Nd2 Rb7 24. f4 Kd6 25. Kf2 Rab8 26. Rcb1 Ba6 27. Ra4 Bb5 28. Ra3 Ba6 29. Ra4 Bb5 30. Ra3 Ba6 31. Ra4 1/2-1/2

[Event "COL-ch"]
[Site "Ibague"]
[Date "2013.07.02"]
[Round "3"]
[White "Valdeblanquez, Jeiner Jair"]
[Black "Gutierrez, Ramon"]
[Result "0-1"]
[WhiteElo "1765"]
[BlackElo "2207"]
[PlyCount "94"]
[EventDate "2013.07.01"]
[EventType "swiss"]
[EventRounds "11"]
[EventCountry "COL"]
[SourceTitle "EXT 2014"]
[Source "ChessBase"]
[SourceDate "2013.11.20"]
[SourceVersion "1"]
[SourceVersionDate "2013.11.20"]
[SourceQuality "1"]

1. d4 d5 2. Nc3 Nf6 3. Bg5 e6 4. e4 dxe4 5. Nxe4 Be7 6. Bxf6 Bxf6 7. Nf3 Be7 8. Bd3 Nd7 9. Qe2 Nf6 10. 0-0-0 Nd5 11. g3 c6 12. c3 Qa5 13. Kb1 f6 14. Nfd2 0-0 15. Nb3 Qc7 16. Nec5 e5 17. Rhe1 Bd6 18. a3 b6 19. Na4 Be6 20. c4 Ne7 21. Nc3 Bf7 22. Ne4 Ng6 23. Nxd6 Qxd6 24. dxe5 Qxe5 25. Qc2 Qh5 26. f4 Rad8 27. Rd2 c5 28. Red1 Rde8 29. Be4 Nxf4 30. Bxh7+ Qxh7 31. Qxh7+ Kxh7 32. gxf4 Bxc4 33. Nc1 Re4 34. Rd7 Rf7 35. f5 Ree7 36. Rd8 Bb5 37. a4 Bd7 38. Rf1 Re5 39. Na2 Rxf5 40. Rg1 Bxa4 41. Rg4 Rf1+ 42. Nc1 Bb3 43. Rd3 c4 44. Rh4+ Kg6 45. Rg3+ Kf5 46. Rh5+ g5 47. h4 Rd7 0-1